National Anthem of Ecuador - ¡Salve, Oh Patria! - Statistics

General Stats
  • This quiz has been taken 3 times
  • The average score is 128 of 154
Answer Stats
Lyrics % Correct
a
100%
¡A
100%
de
100%
el
100%
en
100%
Los
100%
los
100%
Más
100%
mil
100%
mundo
100%
Oh
100%
oh
100%
otros
100%
Patria,
100%
Patria!
100%
por
100%
que
100%
que,
100%
¡Salve,
100%
sol
100%
su
100%
te
100%
ti,
100%
ti!
100%
ti.
100%
tu
100%
y
100%
Y
100%
aceptó
67%
aclamaron
67%
atónito
67%
contemplamos
67%
decora,
67%
del
67%
Dios
67%
fecundo
67%
frente,
67%
frente
67%
fue
67%
germen
67%
¡Gloria
67%
gloria
67%
héroes
67%
hijos
67%
holocausto
67%
lucir.
67%
millares
67%
miró
67%
paz
67%
pecho,
67%
pecho
67%
Pichincha
67%
primeros,
67%
radiosa,
67%
rebosa,
67%
rebosa;
67%
sangre
67%
señora
67%
siempre
67%
soberbio,
67%
suelo
67%
surgir.
67%
surgir!
67%
torno
67%
veces,
67%
vertieron
67%
Ya
67%
ya
67%
esa
33%
gozo
33%
vió
33%
No matching quizzes found
Score Distribution
Percent of People with Each Score
Percentile by Number Answered
Your Score History
You have not taken this quiz